000 00308nam a22001217a 4500
020 _a978-8197316852
082 _a811.214.21:338.47 SAC
100 _aSACHDEV, Himani
245 _aSocial media ke fayade aur nuksan (Hindi)
260 _aNew Delhi
_bHarvansh Lal & Sons
_c2024
300 _a128p.
942 _cBK
999 _c75477
_d75477